01169nam a2200289 i 4500001001000000003000900010005001700019007000300036008004100039020001800080040003000098082002600128100002600154245009700180264006200277300006300339336002700402337003300429338002800462490004200490500007300532500007100605500009200676504003400768650002600802650005100828000039135DO-SdBNP20251104113514.0ta130527s2013 dr ad 000 0 spa d a9789945074819 aDO-SdBNPbspacBNPHUerda 4a332.497293bS232f2221 aSantana, Ruddyeautor10aFinancial reform, monetary policy and banking crisis in Dominican Republic /cRuddy Santana. 4aSanto Domingo :bArchivo General de la Nación,c©2013. a277 páginas :bilustraciones, gráficas, tablasc24 cm. 2rdacontentatextobtxt 2rdamediaasin mediaciónbn 2rdacarrieravolumenbnc0 aArchivo General de la Nación ;v189 aIncluye referencias bibliográficas y notas al pie de las páginas aIncluye datos biográficos del autor en la solapa de la cubierta  aPresentada originalmente como tesis (doctoral) del autor - New School University, 2005. aBibliografía : p. 249 - 267 0aPolítica monetaria  4aPolítica monetaria zRepública Dominicana